000 00289nam a2200121Ia 4500
005 20251222143210.0
008 251222s9999||||xx |||||||||||||| ||spa||
020 _a9972-52-019-6
082 _a918.5/P87O
245 0 _aGuĂ­a Especializada del Viajero:
264 _bPromPerĂș
942 _cLIB
999 _c13390
_d13390